Statistiques concernant Tout les buteurs de la Ligue 1 Uber Eats 2022/2023

Cliquez ici pour prendre le quiz!

Statistiques générales

  • Ce quiz a été pris 15 fois
  • Le résultat moyen est 73 sur 270

Statistiques - réponses

HintRéponseClubsPosteNombre de but(s)% Correct
2.Alexandre LacazetteOlympique LyonnaisATT27
100%
1.Kylian MbappéParis Saint-GermainATT29
100%
3.Jonathan DavidLille OSCATT24
85%
14.Neymar JuniorParis Saint-GermainATT13
85%
64.Achraf HakimiParis Saint-GermainDEF5
77%
12.Amine GouiriStade Rennais FCATT15
77%
7.Elye WahiMontpellier HSCATT19
77%
10.Lionel MessiParis Saint-GermainATT16
77%
8.Wissam Ben YedderAS MonacoATT19
77%
13.Alexis SanchezOlympique de MarseilleATT14
69%
35.Benjamin BourigeaudStade Rennais FCMIL7
69%
11.Gaëtan LabordeOGC NiceATT15
69%
4.Loïs OpendaRC LensATT24
69%
159.MarquinhosParis Saint-GermainDEF2
69%
23.Martin TerrierStade Rennais FCATT9
69%
246.Mattia VitiOGC NiceDEF1
69%
115.Moussa DembéléOlympique LyonnaisATT3
69%
163.VitinhaOlympique de MarseilleATT2
69%
127.VitinhaParis Saint-GermainMIL2
69%
54.Adrien ThomassonRC Strasbourg Alsace/RC LensMIL5
62%
48.Andy DelortOGC NiceATT6
62%
29.Arnaud KalimuendoStade Rennais FCATT7
62%
53.Bradley BarcolaOlympique LyonnaisATT5
62%
105.Carlos SolerParis Saint-GermainMIL3
62%
102.Fabian RuizParis Saint-GermainMIL3
62%
5.Folarin BalogunStade de ReimsATT21
62%
6.Habib DialloRC Strasbourg AlsaceATT20
62%
91.Jordan VeretoutOlympique de MarseilleMIL4
62%
21.Kévin GameiroRC Strasbourg AlsaceATT10
62%
17.Mama BaldéESTAC TroyesATT12
62%
57.Pierre Lees-MelouStade Brestois 29MIL5
62%
73.Rayan CherkiOlympique LyonnaisMIL4
62%
34.Seko FofanaRC LensMIL7
62%
9.Terem MoffiFC Lorient/OGC NiceATT18
62%
16.Thjis DallingaToulouse FCATT12
62%
136.Youssouf FofanaAS MonacoMIL2
62%
226.Benjamin AndréLille OSCMIL1
54%
67.Chancel MbembaOlympique de MarseilleDEF5
54%
191.Corentin TolissoOlympique LyonnaisMIL1
54%
123.Jonathan ClaussOlympique de MarseilleDEF2
54%
42.Junya ItoStade de ReimsATT6
54%
72.Maxence CaqueretOlympique LyonnaisMIL4
54%
172.Nuno MendesParis Saint-GermainDEF1
54%
27.Rémy CabellaLille OSCMIL7
54%
51.Romain Del CastilloStade Brestois 29ATT6
54%
18.Téji SavanierMontpellier HSCMIL12
54%
149.Warren Zaïre-EmeryParis Saint-GermainMIL2
54%
25.Aleksandr GolovinAS MonacoMIL8
46%
118.Bafodé DiakitéLille OSCDEF3
46%
15.Breel EmboloAS MonacoATT12
46%
97.Edon ZhegrovaLille OSCATT3
46%
58.Enzo Le FéeFC LorientMIL5
46%
33.Florian SotocaRC LensATT7
46%
101.Habib DiarraRC Strasbourg AlsaceMIL3
46%
96.Hugo EkitikeParis Saint-GermainATT3
46%
39.Jonathan BambaLille OSCATT6
46%
267.José FonteLille OSCDEF1
46%
30.Karl Toko EkambiOlympique Lyonnais/Stade Rennais FCATT7
46%
36.Ludovic BlasFC NantesMIL7
46%
249.Mamadou SakhoMontpellier HSCDEF1
46%
166.Mattéo GuendouziOlympique de MarseilleMIL2
46%
89.Mohamed BayoLille OSCATT4
46%
134.Samuel GigotOlympique de MarseilleDEF2
46%
142.Sergio RamosParis Saint-GermainDEF2
46%
150.Stéphane DiarraFC LorientMIL2
46%
220.Thiago MendesOlympique LyonnaisMIL1
46%
209.Adam OunasLille OSCATT1
38%
24.Arnaud NordinMontpellier HSCATT9
38%
77.Deiver MachadoRC LensDEF4
38%
120.Gaëtan PerrinAJ AuxerreMIL3
38%
22.Grejohn KyeiClermont Foot 63ATT10
38%
195.Jonathan GraditRC LensDEF1
38%
228.Kévin DansoRC LensDEF1
38%
100.Kévin VollandAS MonacoATT3
38%
270.Ludovic AjorqueRC Strasbourg AlsaceATT1
38%
154.Mahdi CamaraStade Brestois 29MIL2
38%
26.Mostafa MohamedFC NantesATT8
38%
140.Moussa SissokoFC NantesMIL2
38%
94.Nabil BentalebAngers SCOMIL4
38%
265.Nicolas PalloisFC NantesDEF1
38%
180.Nicolas TagliaficoOlympique LyonnaisDEF1
38%
70.Przemyslaw FrankowskiRC LensDEF5
38%
47.Steve MouniéStade Brestois 29ATT6
38%
196.Valentin RongierOlympique de MarseilleDEF1
38%
229.Yunis AbdelhamidStade de ReimsDEF1
38%
199.Yusuf YaziciLille OSCATT1
38%
207.Angelo FulginiRC LensMIL1
31%
99.Axel DisasiAS MonacoDEF3
31%
153.Baptiste SantamariaStade Rennais FCMIL2
31%
158.Danilo PereiraParis Saint-GermainDEF2
31%
197.DanteOGC NiceDEF1
31%
176.David Pereira Da CostaRC LensMIL1
31%
257.Dejan LovrenOlympique LyonnaisDEF1
31%
90.Dimitri PayetOlympique de MarseilleMIL4
31%
128.Facundo MedinaRC LensDEF2
31%
174.Hamari TraoréStade Rennais FCDEF1
31%
217.Hugo MagnettiStade Brestois 29MIL1
31%
205.Jérémie BelaClermont Foot 63ATT1
31%
20.Jérémy Le DouaronStade Brestois 29ATT10
31%
75.Johan GastienClermont Foot 63MIL4
31%
125.Khéphren ThuramOGC NiceMIL2
31%
244.Loïs DionyAngers SCOATT1
31%
256.Maxime GonalonsClermont Foot 63MIL1
31%
49.Mbaye NiangAJ AuxerreATT6
31%
185.Morgan SansonRC Strasbourg AlsaceMIL1
31%
68.Moses SimonFC NantesATT5
31%
61.Nuno Da CostaAJ AuxerreATT5
31%
45.Nuno TavaresOlympique de MarseilleDEF6
31%
87.Renaud RipartESTAC TroyesATT4
31%
225.Salis Abdul SamedRC LensMIL1
31%
175.Takumi MinaminoAS MonacoMIL1
31%
269.Thomas ManganiAC AjaccioMIL1
31%
80.Wahbi KhazriMontpellier HSCMIL4
31%
66.Wesley SaïdRC LensATT5
31%
215.Aaron RamseyOGC NiceMIL1
23%
84.Adrien HunouAngers SCOATT4
23%
239.Alan VirginiusLille OSCATT1
23%
203.Amin SarrOlympique LyonnaisATT1
23%
88.Arthur TheateStade Rennais FCDEF4
23%
252.Azzedine OunahiOlympique de MarseilleMIL1
23%
93.Bamba DiengFC LorientATT4
23%
162.Birama TouréAJ AuxerreMIL2
23%
71.Branco Van den BoomenToulouse FCMIL5
23%
171.Caio HenriqueAS MonacoDEF1
23%
104.Désiré DouéStade Rennais FCMIL3
23%
85.Eliesse Ben SeghirAS MonacoATT4
23%
179.Falaye SackoMontpellier HSCDEF1
23%
55.Farès ChaïbiToulouse FCATT5
23%
183.Florent MolletFC NantesMIL1
23%
201.Houssem AouarOlympique LyonnaisMIL1
23%
62.Ignatius GanagoOGC NiceATT5
23%
222.Ismaël DoukouréRC Strasbourg AlsaceDEF1
23%
133.IsmailyLille OSCDEF2
23%
259.Issak TouréOlympique de Marseille/AJ AuxerreDEF1
23%
44.Jérémy DokuStade Rennais FCATT6
23%
263.Johann LepenantOlympique LyonnaisMIL1
23%
194.Jordan FerriMontpellier HSCMIL1
23%
178.Juan BernatParis Saint-GermainDEF1
23%
92.Kommen AndricClermont Foot 63ATT4
23%
37.Muhammed ChamClermont Foot 63MIL7
23%
188.Riad NouriAC AjaccioATT1
23%
59.Romain FaivreFC LorientMIL5
23%
129.Romain HamoumaAC AjaccioATT2
23%
86.Stephy MavididiMontpellier HSCATT4
23%
202.Théo Sainte-LuceMontpellier HSCDEF1
23%
164.Valère GermainMontpellier HSCATT2
23%
206.Youcef AtalOGC NiceDEF1
23%
19.Zakaria AboukhlalToulouse FCATT10
23%
65.Abdallah SimaAngers SCOATT5
15%
224.Alexander DjikuRC Strasbourg AlsaceDEF1
15%
63.Alexis Claude-MauriceRC LensMIL5
15%
103.André GomesLille OSCMIL3
15%
165.Angel GomesLille OSCMIL2
15%
160.Castello LukebaOlympique LyonnaisDEF2
15%
262.Clément VidalAC AjaccioDEF1
15%
41.Dango OuattaraFC LorientATT6
15%
235.Edan DiopAS MonacoMIL1
15%
98.Elbasan RashaniClermont Foot 63ATT3
15%
107.Evann GuessandOGC Nice/FC NantesATT3
15%
131.Flavien TaitStade Rennais FCMIL2
15%
122.Florian TardieuESTAC TroyesMIL3
15%
237.Gaëtan CharbonnierAJ AuxerreATT1
15%
155.Gauthier HeinAJ AuxerreMIL2
15%
117.Guillermo MaripanAS MonacoDEF3
15%
38.Ibrahima KonéFC LorientATT7
15%
208.Islam SlimaniStade Brestois 29ATT1
15%
124.Jean-Ricner BellegardeRC Strasbourg AlsaceMIL2
15%
221.Jim AllevinahClermont Foot 63ATT1
15%
241.Kameldeen SulemanaStade Rennais FCATT1
15%
168.Kamory DoumbiaStade Brestois 29MIL2
15%
82.Krépin DiattaAS MonacoATT4
15%
186.Lassine SinayokoAJ AuxerreATT1
15%
167.Lovro MajerStade Rennais FCMIL2
15%
32.Marshall MunetsiStade de ReimsMIL7
15%
119.Matthis AblineStade Rennais FC/AJ AuxerreATT3
15%
266.Maximiliano CaufriezClermont Foot 63DEF1
15%
204.Mehdi ZeffaneClermont Foot 63DEF1
15%
192.Mikkel DeslerToulouse FCDEF1
15%
200.Pape GueyeOlympique de MarseilleMIL1
15%
189.Quentin MerlinFC NantesDEF1
15%
147.Renato SanchesParis Saint-GermainMIL2
15%
28.Rony LopesESTAC TroyesATT7
15%
79.Ross BarkleyOGC NiceMIL4
15%
126.Sofiane DiopOGC NiceMIL2
15%
161.Stijn SpieringsToulouse FCMIL2
15%
173.VandersonAS MonacoDEF1
15%
76.Wilson OdobertESTAC TroyesATT4
15%
78.Xavier ChavalerinESTAC TroyesMIL4
15%
52.Youcef BelaïliAC AjaccioATT6
15%
184.Abdu ConteESTAC TroyesDEF1
8%
254.Achraf DariStade Brestois 29DEF1
8%
138.Ado OnaiwuToulouse FCATT2
8%
264.Akim ZedadkaLille OSC/AJ AuxerreDEF1
8%
74.Alexis FlipsStade de ReimsATT4
8%
116.Alexsandro RibeiroLille OSCDEF3
8%
106.Amine SalamaAngers SCOATT3
8%
240.Armand LaurienteFC LorientATT1
8%
148.Benoît BadiashileAS MonacoDEF2
8%
111.Billal BrahimiOGC NiceATT3
8%
69.Cengiz UnderOlympique de MarseilleATT5
8%
211.Enzo TchatoMontpellier HSCDEF1
8%
56.Faitout MaouassaMontpellier HSCDEF5
8%
40.Franck HonoratStade Brestois 29ATT6
8%
145.GersonOlympique de MarseilleMIL2
8%
214.Gerzino NyamsiRC Strasbourg AlsaceDEF1
8%
187.Hamza SakhiAJ AuxerreMIL1
8%
190.Hicham BoudaouiOGC NiceMIL1
8%
135.Himad AbdelliAngers SCOMIL2
8%
151.Ibrahima NianeAngers SCOATT2
8%
137.Iké UgboESTAC TroyesATT2
8%
223.Issiaga SyllaMontpellier HSCDEF1
8%
242.JeffinhoOlympique LyonnaisATT1
8%
121.JubalAJ AuxerreDEF3
8%
177.Julien PonceauFC LorientMIL1
8%
114.Lebo MothibaRC Strasbourg AlsaceATT3
8%
110.Luis SuarezOlympique de MarseilleATT3
8%
130.Mathias Pereira LageStade Brestois 29ATT2
8%
198.Montassar TalbiFC LorientDEF1
8%
243.Moussa SoumanoAC AjaccioATT1
8%
113.Myron BoaduAS MonacoATT3
8%
236.Myziane MaolidaStade de ReimsATT1
8%
109.Neto BorgesClermont Foot 63DEF3
8%
50.Nicolas PepeOGC NiceATT6
8%
60.Rafael RatãoToulouse FCATT5
8%
182.Sada ThioubAngers SCOMIL1
8%
31.Saïf-Eddine KhaouiClermont Foot 63MIL7
8%
216.Sanjin PrcicRC Strasbourg AlsaceMIL1
8%
95.Sofiane BoufalAngers SCOATT4
8%
43.TêteOlympique LyonnaisATT6
8%
157.Tiago DjaloLille OSCDEF2
8%
227.Andrei GirottoFC NantesDEF1
0%
231.Ante PalaversaESTAC TroyesMIL1
0%
143.Anthony RouaultToulouse FCDEF2
0%
258.Bamo MeïteFC LorientDEF1
0%
248.Bevic Moussiti-OkoAC AjaccioATT1
0%
81.Brecht DejaegereToulouse FCMIL4
0%
261.Cédric AvinelAC AjaccioDEF1
0%
219.Cyrille BayalaAC AjaccioATT1
0%
181.Darlin YongwaFC LorientDEF1
0%
251.Eliot MatazoAS MonacoMIL1
0%
146.Halid SabanovicAngers SCODEF2
0%
170.Haris BelkeblaStade Brestois 29MIL2
0%
250.Issa KaboréOlympique de MarseilleDEF1
0%
152.Jackson PorozoESTAC TroyesDEF2
0%
112.Jean-Eudes AholouRC Strasbourg AlsaceMIL3
0%
108.Jens CajusteStade de ReimsMIL3
0%
238.Jodel DossouClermont Foot 63ATT1
0%
255.Joe RodonStade Rennais FCDEF1
0%
260.Julian JeanvierAJ AuxerreDEF1
0%
233.Lilian RaolisoaAngers SCODEF1
0%
247.Marcus CocoFC NantesATT1
0%
169.Mathias AutretAJ AuxerreMIL2
0%
213.Michaël BarretoAC AjaccioMIL1
0%
156.Miha BlazicAngers SCODEF2
0%
46.Mounaim El IdrissyAC AjaccioATT6
0%
139.Nicolas CozzaMontpellier HSCDEF2
0%
253.Noah FadigaStade Brestois 29DEF1
0%
234.Quentin BoisgardFC LorientMIL1
0%
141.Rayan RavelosonAJ AuxerreMIL2
0%
144.Rhys HealeyToulouse FCATT2
0%
193.Rominingue KouameESTAC TroyesMIL1
0%
212.Ruslan MalinovskyiOlympique de MarseilleMIL1
0%
230.Sacha DelayeMontpellier HSCMIL1
0%
83.Sead KolasinacOlympique de MarseilleDEF4
0%
132.Théo Le BrisFC LoreintMIL2
0%
218.Yasser LarouciESTAC TroyesDEF1
0%
210.Yoann CathlineFC LorientATT1
0%
268.Yoann SalmierESTAC TroyesDEF1
0%
245.Youssouf NdayishimiyeOGC NiceMIL1
0%
232.Yuito SuzukiRC Strasbourg AlsaceMIL1
0%

Distribution des résultats

Percentile par nombre de réponses

% des personnes avec chaque résultat

Votre développement - résultats

Vous n’avez pas pris ce quiz